000 00652nam a2200181 i 4500
001 103787
003 ES-MaACL
007 t|
008 051118s1980 sp ||||1| spa d
111 0 _aMesa redonda sobre la America Hispana en 1776
_d(1976.
_cMadrid)
_9917
245 1 0 _aHispanoamérica hacia 1776
_b: (actas de la... ) /
_cLeoncio Cabrero... [et al.].
260 _aMadrid :
_bInstituto Gonzalo Fernández de Oviedo,
_c1980.
300 _aXVI, 265 p. ;
_c22 cm.
700 1 _aCabrero Fernández, Leoncio.
_933326
710 2 _aInstituto "Gonzalo Fernández de Oviedo"
_95079
852 _aES-MaACL
_jL-835
_bR.101368
999 _c103787
_d103787